000 00564nam a22002177a 4500
001 sjds
003 sjds
005 20251118041141.0
008 251118b |||||||| |||| 00| 0 spa d
020 _a9789500816311
020 _a9500816318
040 _csjds
041 _aspa
100 _aPresser, ArLynn
245 _a El amor lo cambia todo /
_cArLynn Presser
260 _aBuenos Aires,
_bEditorial Atlantida,
_cc1996
300 _a 159 pages ;
_c18 cm
440 _a Coleccion,
_n16
500 _aTranslation of: Love changes everything
942 _cBK
999 _c31172
_d31170